Feliz seré : chisme, humor y lágrimas en la cultura popular /
Saved in:
| Hovedforfatter: | |
|---|---|
| Format: | Electronisk eBog |
| Sprog: | spansk |
| Udgivet: |
Lima, Perú :
Fondo Editorial PUCP,
[2022]
|
| Udgivelse: | Primera edición digital. |
| Serier: | Serie Zumbayllu ;
5. |
| Fag: | |
| Online adgang: | Digitalia Hispánica |
| Tags: |
Tilføj Tag
Ingen Tags, Vær først til at tagge denne postø!
|
MARC
| LEADER | 00000nam a2200000 i 4500 | ||
|---|---|---|---|
| 001 | DIGPUCP184 | ||
| 003 | NyNyDIG | ||
| 007 | cr ||||||||||| | ||
| 008 | 231212s2022 pe a ob 000 0 spa d | ||
| 006 | m o d | ||
| 035 | |a (OCoLC)1414666725 | ||
| 040 | |a DGITA |b eng |e rda |e pn |c DGITA | ||
| 020 | |a 9786123177638 |q eBook | ||
| 020 | |z 9786123177546 | ||
| 043 | |a s-pe--- | ||
| 050 | 1 | 4 | |a PN6222.P53 ebook |
| 100 | 1 | |a Huerta-Mercado, Alexander, |e author. | |
| 245 | 1 | 0 | |a Feliz seré : |b chisme, humor y lágrimas en la cultura popular / |c Alexander Huerta-Mercado. |
| 250 | |a Primera edición digital. | ||
| 264 | 1 | |a Lima, Perú : |b Fondo Editorial PUCP, |c [2022] | |
| 300 | |a 1 online resource : |b illustrations. | ||
| 336 | |a text |b txt |2 rdacontent | ||
| 337 | |a computer |b c |2 rdamedia | ||
| 338 | |a online resource |b cr |2 rdacarrier | ||
| 347 | |a text file |2 rdaft | ||
| 347 | |b PDF | ||
| 490 | 1 | |a Serie Zumbayllu ; |v 5 | |
| 504 | |a Includes bibliographical references. | ||
| 588 | 0 | |a Online resource; title from PDF title page (Digitalia, viewed December 12, 2023) | |
| 650 | 0 | |a Peruvian wit and humor |x Social aspects. | |
| 650 | 0 | |a Popular culture |z Peru. | |
| 650 | 0 | |a Gossip |x Social aspects |z Peru. | |
| 791 | 2 | |a Digitalia (Firm), |e distributor. | |
| 793 | 0 | |g Digitalia eBook Collection: |a Pontificia Universidad Católica de Perú. | |
| 776 | 0 | 8 | |i Print version: |a Huerta-Mercado, Alexander. |t Feliz seré. |b Primera edición. |d Lima, Perú : Fondo Editorial PUCP, [2022] |z 9786123177546 |
| 830 | 0 | |a Serie Zumbayllu ; |v 5. | |
| 856 | 4 | 0 | |3 Digitalia Hispánica |u https://digitalia.unach.elogim.com/a/131143/ |
| 910 | |a Premium collection: 2023 | ||